000 00792nam a22002297a 4500
003 OSt
005 20160611080452.0
008 131002t xxu||||| |||| 00| 0 eng d
020 _a9780871207470
050 _aLB 1632
_b.Im47 2002
082 _aGLT 375.4184
_bIm7 2002
100 _aASCD
_922723
245 _aImplementing a reading program in secondary schools :
_bfacilitator's guide./
260 _aAlexandria, Va :
_bAssociation for Supervision and Curriculum Development,
_cc2002.
300 _a84 p. :
_bill, ;
_c29 cm.
504 _aIncludes bibliographical references.
562 _e1
650 _aCurriculum planning (Reading)
_xUnited States.
_922750
650 _aReading
_xStudy and teaching (Secondary)
_xUnited States.
_922751
942 _2lcc
_cBK
999 _c12636
_d12636